The blighting of brownfield regeneration (Record no. 65061)

MARC details
000 -LEADER
fixed length control field 01135cam a2200241 4500
001 - CONTROL NUMBER
control field ABS63078
008 - FIXED-LENGTH DATA ELEMENTS--GENERAL INFORMATION
fixed length control field 000000n2000 000 0 eng u
035 ## - SYSTEM CONTROL NUMBER
System control number (Sirsi) u108953
100 ## - MAIN ENTRY--PERSONAL NAME
Personal name Tromans, S.
245 #4 - TITLE STATEMENT
Title The blighting of brownfield regeneration
260 ## - PUBLICATION, DISTRIBUTION, ETC.
Date of publication, distribution, etc. 2000
490 ## - SERIES STATEMENT
Series statement New Law Journal
Volume/sequential designation 150(6956) 20 October 2000, 1514-1516(2)
520 ## - SUMMARY, ETC.
Summary, etc. Looks at the consequences for urban regeneration of the European Commission's ruling in December 1999 that the Partnership Investment Programme (PIP), was contrary to EC rules on State Aids. PIP had provided gap funding of about £1.1bn over 6 years, to help achieve land reclamation and brownfield regeneration in England. The House of Commons Environment, Transport and Regional Affairs Committee condemned the decision, which has environmentally disastrous consequences for our cities.
590 ## - LOCAL NOTE (RLIN)
Local note ABS
650 ## - SUBJECT ADDED ENTRY--TOPICAL TERM
Topical term or geographic name entry element BROWNFIELD DEVELOPMENT
650 ## - SUBJECT ADDED ENTRY--TOPICAL TERM
Topical term or geographic name entry element PARTNERSHIP INVESTMENT PROGRAMME
650 ## - SUBJECT ADDED ENTRY--TOPICAL TERM
Topical term or geographic name entry element EUROPEAN COMMISSION
650 ## - SUBJECT ADDED ENTRY--TOPICAL TERM
Topical term or geographic name entry element URBAN REGENERATION
650 ## - SUBJECT ADDED ENTRY--TOPICAL TERM
Topical term or geographic name entry element GAP FUNDING
650 ## - SUBJECT ADDED ENTRY--TOPICAL TERM
Topical term or geographic name entry element CONTAMINATED LAND
690 ## - LOCAL SUBJECT ADDED ENTRY--TOPICAL TERM (OCLC, RLIN)
Topical term or geographic name as entry element REGENERATION
942 ## - ADDED ENTRY ELEMENTS (KOHA)
Suppress in OPAC 0
Holdings
Withdrawn status Lost status Source of classification or shelving scheme Damaged status Not for loan Home library Current library Shelving location Date acquired Total Checkouts Full call number Barcode Date last seen Copy number Price effective from Koha item type
    Dewey Decimal Classification     London London Journal article 25/10/2000   ABS63078 108953-1001 06/08/2019 1 06/08/2019 Journal article